000 00698nam a2200277Ia 4500
003 OSt
005 20221006144254.0
006 a|||||r|||| 00| 0
007 ta
008 221006b |||||||| |||| 00| 0 eng d
020 _c100.00
024 _a11,300
037 _cTextual
040 _aEASL
_cEASL
_beng
041 _2eng
_aeng
082 _aU6.58.9E.N5, L1
100 _aKIRBY E. Stuart
245 0 _aSoviet far East
260 _aLondon
_bMacmillan
_c1971
300 _a268p.
_ccm.
490 _v Gen
650 _a Gen
650 _aPopulation and livelihood
_9651350
942 _hU6.58.9E.N5, L1
_cTEXL
_2CC
999 _c1079386
_d1079386